| 000 | 00688nam a22002177a 4500 | ||
|---|---|---|---|
| 003 | 0 | ||
| 005 | 20250103150552.0 | ||
| 008 | 250103b xxu||||| |||| 00| 0 eng d | ||
| 020 | _a9780443107184 | ||
| 050 |
_aRT 41 _b.C55 2025 |
||
| 245 |
_aClinical nursing skills & techniques / _cAnne Griffin Perry, Patricia A. Potter, Wendy R. Ostendorf, Nancy Laplante. |
||
| 250 | _a11th ed. | ||
| 260 |
_aSt. Louis, Missouri : _bElsevier, _c2025. |
||
| 300 |
_axviii, 1325 p. : _bcol. ill. ; _c28 cm. |
||
| 504 | _aIncludes index. | ||
| 650 | _aNursing. | ||
| 650 | _aNursing practice. | ||
| 650 |
_aNursing. _vHandbooks, manuals, etc. |
||
| 650 |
_aNursing _vCare methods. |
||
| 942 |
_2lcc _cBK |
||
| 999 |
_c366872 _d366872 |
||